000 00778nam a2200229Ia 4500
001 16062
003 GE_BSU
008 181216s||||||||xx |||||||||||||| ||und||
040 _cGE_BSU
080 _a821.353.1-4
100 _aჯაფარიძე, რევაზ
245 _aმარუხის თეთრი ღამეები
245 _bდოკუმ. მოთხრობა
245 _cრედ.ხუტა ბერულავა. მხ. თ.სოსელია
260 _aთბილისი
260 _bნაკადული
260 _c1963.
300 _a37გვ. ; 20სმ
653 _aდოკუმ. მოთხრობა
653 _aმარუხის თეთრი ღამეები
942 _cBK
999 _c49152
_d49152